|
|
|
|
| LEADER |
00000cam a2200000 7i4500 |
| 001 |
0000008514 |
| 002 |
000009279 |
| 005 |
20000330.0 |
| 020 |
|
|
|a 9837504927
|
| 090 |
0 |
0 |
|a JF
|b SUL
|
| 100 |
0 |
|
|a Sulaiman Shahidan
|
| 245 |
1 |
0 |
|a Kupu-kupu yang angkuh
|c Sulaiman Shahidan
|
| 260 |
|
|
|a Petaling Jaya :
|b Penerbit Pan Earth Sdn. Bhd. ,
|c 1996
|
| 300 |
|
|
|a 14p. :
|b ill. ;
|c 21cm.
|
| 650 |
0 |
0 |
|a Children's stories, Malay
|
| 999 |
|
|
|a 046030
|b BUKU
|c PINJAMAN
|e PERPUSTAKAAN KOMUNITI CAW KOTA DAMANSARA
|
| 999 |
|
|
|a 046031
|b BUKU
|c PINJAMAN
|e PERPUSTAKAAN KOMUNITI CAW KOTA DAMANSARA
|
| 999 |
|
|
|a 050541
|b BUKU
|c PINJAMAN
|e PERPUSTAKAAN KOMUNITI CAW KOTA DAMANSARA
|